000 00603nam a2200193 a 4500
001 1828
005 20140414132038.0
008 010404s19uu xx 00 eng d
020 _a0-916119-47-5
050 _aTR
_bW55 1994
100 _aWilliams, Rozanne Lanczak
245 _aWhat happened? /
_cwritten by Rozanne Lanczak Williams ; illustrated by Gwen Connelly.
260 _aCypress, Calif. :
_bCreative Teaching Press,
_c1994.
300 _a16 p. : ill. ; cm.
440 _aRead to Learn-Learn to Read.
500 _aEmergent Reader Level II.
650 _aScience Series.
999 _c113786
_d113786